Red Velvet trivia - Statistics

General Stats
  • This quiz has been taken 97 times
  • The average score is 32 of 40
Answer Stats
Question Answer % Correct
Which album is "IN MY DREAMS" on?
98%
Which album is "MY SECOND DATE" on?
93%
Which album is "BYE BYE" on?
93%
Which album is "SASSY ME" on?
90%
Which album is "RED DRESS" on?
90%
Which album is "MOSQUITO" on?
90%
Which album is "ZOOM" on?
88%
Which album is "ICED COFFEE" on?
88%
Which album is "ZOO" on?
88%
Which album is "UNDERWATER" on?
88%
Which album is "ANYWHERE BUT HOME" on?
88%
Which album is "HIT THAT DRUM" on?
85%
Which album is "STUPID CUPID" on?
85%
Which album is "MOJITO" on?
85%
Which album is "HAPPY BIRTHDAY TO YOU" on?
85%
Which album is "KNOCK ON WOOD" on?
83%
Which album is "RAINBOW HALO" on?
83%
Which album is "LITTLE LITTLE" on?
83%
Which album is "COOL WORLD" on?
80%
Which album is "WILL I EVER SEE YOU AGAIN?" on?
80%
Which album is "BODY TALK" on?
80%
Which album is "LOS ANGELES" on?
80%
Which album is "WHY CAN'T YOU LOVE ME" on?
80%
Which album is "JACKPOT" on?
78%
Which album is "MY DEAR" on?
78%
Which album is "MOONLIGHT MELODY" on?
78%
Which album is "LIGHT ME UP" on?
76%
Which album is "FEEL GOOD" on?
76%
Which album is "TAKE IT SLOW" on?
73%
Which album is "TASTE" on?
73%
Which album is "PARADE" on?
68%
Which album is "ALL RIGHT" on?
68%
Which album is "LOVE IS THE WAY" on?
68%
Which album is "EYES LOCKED, HANDS LOCKED" on?
66%
Which album is "BETTER BE" on?
66%
Which album is "DAY BY DAY" on?
66%
Which album is "REMEMBER FOREVER" on?
63%
Which album is "COLOR OF LOVE" on?
63%
Which album is "SWIMMING POOL" on?
61%
Which album is "CAUSE IT'S YOU" on?
54%
No matching quizzes found
Score Distribution
Percent of People with Each Score
Percentile by Number Answered
Your Score History
You have not taken this quiz